Lyrics raten #10 - Statistiken

Allgemein
  • Dieses Quiz wurde 601 mal gespielt
  • Das Durchschnittsergebnis liegt bei 171 aus 341
Antwortstatistiken
Antwort % Korrekt
ich
97%
Ich
97%
Du
94%
du
94%
da
83%
wir
80%
bist
79%
Bist
79%
es
70%
bin
69%
ein
67%
und
66%
Und
66%
wie
58%
so
57%
nicht
52%
den
51%
mein
50%
dich
47%
mich
47%
zu
47%
an
46%
sind
46%
wahr
46%
mir
43%
Auf
36%
auf
36%
wenn
35%
noch
33%
Sag
31%
um
31%
seh
30%
zwei
29%
allein
28%
mach
28%
real
25%
Warum
25%
gehen
24%
kannst
24%
könn
24%
siehst
24%
zweit
23%
Auch
22%
machst
22%
glaub
20%
Glaub
20%
heiss
20%
frag
19%
Traum
18%
einmal
17%
Einmal
17%
frage
17%
frei
17%
muss
17%
weiss
16%
bring
15%
Diamant
15%
kaum
14%
perfekt
14%
sieben
14%
wird
14%
Wolke
14%
bringst
13%
fliegen
13%
Verstand
13%
sagen
11%
fragen
7%
Wirklichkeit
6%
ich's
4%
Keine übereinstimmenden Quizze gefunden
Verteilung der Resultate
Anzahl Personen mit jedem Resultat
Perzentil nach korrekt beantworteten Fragen
Ihre Resultats-Entwicklung
Sie haben dieses Quiz noch nicht gespielt